| 000 | 00663nam a2200229 a 4500 | ||
|---|---|---|---|
| 001 | BRCA_5939 | ||
| 005 | 20190320205253.0 | ||
| 008 | 240311s1931----nyua######---#000-0#eng-# | ||
| 041 | _aeng | ||
| 044 | _anyu | ||
| 050 | 4 |
_aNK7149 _b.C37 1931 |
|
| 100 | 1 |
_aCarré, Louis _915000 |
|
| 245 | 1 | 0 |
_aA Guide to old French plate _cLouis Carré ; foreword by E. Alfred Jones. |
| 260 |
_aNueva York _bCharles Scribner´s _c1931 |
||
| 300 |
_a270 p. _bil., 32 láminas, 98 fotografías _c19 cm. |
||
| 500 | _aIncluye indice de marcas | ||
| 500 | _aG71 | ||
| 650 | 1 | 4 |
_aPlatería francesa _915001 |
| 700 | 1 |
_aJones, E. Alfred _915002 |
|
| 902 | _aGFM | ||
| 942 |
_2lcc _cB |
||
| 999 |
_c5628 _d5628 |
||